000 00765nam a2200277 4500
003 OSt
005 20260530115302.0
008 260508b2006 |||a|||| |||| 00| 0 eng d
020 _a2940361509
020 _a9782940361502
040 _aICI
_bspa
_cICI
050 _aTA403
_bM38
100 1 _aLefteri, Chris
245 1 0 _aMaterials for inspirational Design
264 1 _bRotoVision
_c2006
_aSingapur
300 _a254 páginas
336 _atexto
_2rdacontent
337 _asin medio
_2rdamedia
338 _avolumen
_2rdacarrier
650 _aMateriales de construcción
650 _aDiseño industrial
_915218
650 _aMateriales innovadores
_931325
650 _aDiseño de productos
650 _aTecnología de materiales
942 _2lcc
_cBK
_n1
999 _c12884
_d12884